|
|
|
|
| LEADER |
00000nam a22000007a 4500 |
| 005 |
2019041202512.0 |
| 007 |
cr|||| |||| |
| 008 |
190412s2018 es |||||s|||| 00||0 spa d |
| 020 |
|
|
|a 978-84-948453-8-3
|
| 035 |
|
|
|a 23056
|
| 040 |
|
|
|a vLex
|
| 090 |
|
|
|c 8619
|d 8619
|
| 100 |
1 |
|
|a Sǹchez Fonseca, Irene
|
| 245 |
1 |
0 |
|a Inquisicin̤
|h [Recurso electrn̤ico] :
|b Procesos criminales y de fe (S. XV - XVII) /
|c Irene Sǹchez Fonseca
|
| 256 |
|
|
|a Servicio en ln̕ea
|
| 260 |
|
|
|a Barcelona:
|b J.M. Bosch Editor,
|c 2018
|
| 300 |
|
|
|a 1 recurso electrn̤ico
|
| 500 |
|
|
|a El siglo XV, en las coronas de Castilla y Aragn̤, finaliza con la implantacin̤ de los tribunales de la inquisicin̤, para dar cumplimiento al mandato del Papa. Estos aǫs serǹ el punto de inflexin̤ donde confluyan la edad media y la edad moderna. La Fe y la justicia pasarǹ a formar un conjunto simbit̤ico que va a ser normativizado mediante la creacin̤ de un derecho procesal nacional por parte de los sucesivos inquisidores. Derecho que pretende adaptarse a los principios nacientes a la luz de la nueva etapa histr̤ica que est ̀por desarrollarse en la monarqua̕ hispǹica y que se aleja de la legalidad cann̤ica cuando šta no prev ̌ciertas garanta̕s que emanan de esos principios.
|
| 506 |
1 |
|
|a Disponible solo en los productos indicados
|d vLex Global
|d vLex Global (Academic Edition, excluding Law Schools)
|d vLex Global (U.S. Academic Edition, Law Schools)
|d vLex Global (U.S. Academic Edition, excluding Law Schools)
|d vLex Global (Academic Edition, Law Schools)
|
| 650 |
0 |
4 |
|a Procedimiento Penal
|z Espaą
|
| 650 |
0 |
4 |
|a Derecho Militar
|z Espaą
|
| 740 |
0 |
|
|a vLex Libros (Servicio en ln̕ea)
|
| 856 |
4 |
0 |
|u http://vlex.com/source/inquisicion-procesos-criminales-y-de-fe-s-xv-xvii--23056
|z Acceso restringido
|
| 942 |
|
|
|c BOOK
|
| 999 |
0 |
|
|a Criminal Procedure
|
| 999 |
0 |
|
|a Military Law
|